Come si cura il nazi /

Saved in:
Bibliografiske detaljer
Hovedforfatter: Berardi, Franco, (1949- ) (Author)
Format: Bog
Sprog:italiensk
Udgivet: Roma : Castelvecchi, \1993!
Serier:Contatti ; 1
Fag:
Tags: Tilføj Tag
Ingen Tags, Vær først til at tagge denne postø!

MARC

LEADER 00000nam a2200000 i 4500
001 IT\ICCU\LO1\0306190
003 ItRI
005 20260115231945.0
008 930528s1993 it |||||| ||||| |||||c
015 |2 IT  |a 97-227s 
020 |a 8886232004 
040 |b ita  |c importazione bologna sebina 
041 7 |a ita  |2 ISO-639-2 
082 |a 303.6  |9 CONFLITTO SOCIALE  |2 20 
100 1 |a Berardi, Franco,  |d  (1949- )  |0 IT\ICCU\CFIV\101325  |4 aut 
240 1 0 |a Come si cura il nazi  |3 IT\ICCU\CSA\0177667  |9 Berardi, Franco <1949- > 
245 1 0 |a Come si cura il nazi /  |c Franco Berardi (Bifo). 
260 |a Roma :  |b Castelvecchi,  |c \1993! 
300 |a 108 p. ;  |c 18 cm. 
650 7 |a Conflitto sociale 
650 7 |a Neonazismo 
790 0 |a Bifo  |3 IT\ICCU\CFIV\139325  |z Berardi, Franco (1949- ) 
790 1 |a Berardi, Franco Bifo  |3 IT\ICCU\CFIV\220444  |z Berardi, Franco (1949- ) 
830 0 |a Contatti ;  |v 1  |0 IT\ICCU\LO1\0306192 
942 |2 ddc  |c BK  |n 0 
952 |0 0  |1 0  |4 0  |6 DOC_320_533000000000000_BER  |7 0  |9 17814  |a BO  |b BO  |d 2026-01-15  |i 2822  |l 0  |o DOC 320.533 BER  |p BO2822  |r 2026-01-15 23:19:45  |w 2026-01-15  |x [Sebina 5] [1 v.]  |y BK  |z 1 v. 
999 |c 15155  |d 15155